00722nam a2200157 a 4500003000200000005001700002008004100019050002900060100003000089245012100119260009000240300004000330504004100370650007400411650007900485020250515120036.0970101s19uu xx 00 eng d aPHS HE 199.F7b.A35 2004 aAbila, Patricia Anna O. aThe Role of the freight forwarding in the gross domestic product (GDP) of the Philippines /cPatricia Anna O. Abila. aLas Piñas City, Philippines :bSouthville International School and Colleges,c2004. a71 pages :billustrations ;c28 cm. aIncludes bibliographical references. 2Library of Congress Subject HeadingaFreight forwarderszPhilippines. 2Library of Congress Subject Heading aGross domestic productzPhilippines.